| 000 | 00443cam a2200181ua 4500 | ||
|---|---|---|---|
| 001 | 1433 | ||
| 008 | 110713n ii |||gr||||Z||||||eng | ||
| 040 | _cMAIN | ||
| 082 | _a336 | ||
| 100 |
_aGoswami, Noni gopal, _eAuthor. |
||
| 245 | 1 |
_aSarkari bitta _cby Noni gopal Goswami |
|
| 250 | _a5th. | ||
| 260 |
_aGuahati: _bJyoti prakashan, _c2007. |
||
| 300 |
_a672p: _bill; _c23cm. |
||
| 653 | _aEconomics | ||
| 653 | _aPublic Finance | ||
| 942 | _cBK | ||
| 999 |
_c1323 _d1323 |
||